000 00583nam a22001937a 4500
003 OSt
005 20160907102650.0
008 160107b xxu||||| |||| 00| 0 eng d
020 _a0030351979
040 _cLIC
082 _2[2004]
_aDK12 507
_bSc416
245 _aScience skills worksheets/
260 _aOrlando, Florida:
_bHolt, Rinehart and Winston
_c[c2004]
300 _aiv, 84 pages:
_billustrations;
_c28 cm.
440 _91440
_aHolt Science and Technology
650 0 _91441
_aScience
_xStudy and teaching (Secondary)
650 0 _91442
_aScience
_xExperiments
942 _2ddc
_cDC
999 _c549
_d549